000 00604nam a2200217Ia 4500
005 20240106090457.0
008 131103s9999 xx 000 0 und d
020 _a670825506
_cRs.195
040 _aLoreto College
041 _aEnglish
082 _a891.439
_bGHA-VAR
100 _aVarma,Pavan K.
245 _aGhalib,
_b The Man, The Times,
_cPavan K.Varma
260 _aNew Delhi
_bViking
_c1989
300 _a224 p.
504 _aIncludes bibliographical references and index
650 _aGalib,Criticism and Interpretation
651 _aUrdu Literature
850 _aLCLIB
942 _cBK
999 _c13514
_d63993